000 01030nam a22003137a 4500
001 000751
003 DO-SdBPM
005 20250609093849.0
007 000751
008 161128b2006 sp a ||||| |||| 00| 0 spa d
020 _a8434877287
040 _aDO-SdBPM
_bspa
_cBPMSU
082 4 _a863.6
_bG633 c 2006
_222
100 1 _aGómez Cerdá, Alfredo,
_d1951-
245 1 0 _aCerote, el rey del gallinero /
_cAlfredo Gómez Cerdá ; ilustraciones de Jesús Gabán.
250 _a9ª ed.
260 _aMadrid :
_bSM.
_c2006.
300 _a123 p. :
_bil. ;
_c19 cm.
490 1 _aEl barco de vapor. Serie azul
_v102
500 _a"A partir de 7 años"
500 _aIncluye datos del autor en la solapa de la contracubierta.
650 4 _aNovela infantil española
650 4 _aGallinas
_vNovela infantil
650 4 _aGranja
_zÁfrica
_vNovela infantil.
650 4 _aGallinas
_vNovela infantil.
700 1 _aGabán, Jesús,
_d1957-
_eilustración
910 _aVMateo V. Control de calidad.
942 _2ddc
_cBK
999 _c12114
_d12114